| 000 | 01323nam a2200265Ia 4500 | ||
|---|---|---|---|
| 999 |
_c54321 _d54321 |
||
| 001 | 21377 | ||
| 003 | GE_BSU | ||
| 005 | 20211104150025.0 | ||
| 008 | 181216s2017||||ge |||||||||||||| ||geo|| | ||
| 020 | _a9789941271137 | ||
| 040 | _cGE_BSU | ||
| 041 | _ageo | ||
| 080 | _a314+070 ს-28 | ||
| 245 |
_aსტუდენტების განწყობა უმცირესობისადმი და მედიის როლი / _cრედ. პაატა შამუგია ; თარგმ. მ.შერვაშიძე. |
||
| 264 |
_aთბილისი : _b[?], _c2017. |
||
| 300 |
_a89 გვ. ; _c21 სმ. |
||
| 490 | _aტოლერანტობისა და მრავალფეროვნების ინსტიტუტი | ||
| 520 | _aწიგნის მეორე მხარე ინგლისურ ენაზე | ||
| 541 | _h8 ლ. | ||
| 653 | _aსაზოგადოება | ||
| 653 | _aსტუდენტების განწყობა უმცირესობისადმი და მედიის როლი | ||
| 700 |
_a შამუგია, პაატა _eრედაქტორი _912818 |
||
| 700 |
_aშერვაშიძე, მ. _eმთარგმნელი _912819 |
||
| 942 |
_cBK _2udc |
||